000 00927nmc a2200325 a 4500
003 AR-BaBNM
005 20251128211012.0
008 122020s1998 ||||||||||||||000 | spa||
020 _a950-753-009-6
040 _cAR-BaBNM
100 1 _aQuiroga, Horacio
245 1 0 _aCuentos de la selva y otros cuentos
_bnivel uno
260 _aBuenos Aires
_bCántaro Editores
_c1998
300 _a141 p.
_bil.
490 0 _aColección Del Mirador
_vv. 101
500 _aContiene referencias bibliográficas
650 4 _aCUENTOS DE ANIMALES
650 4 _aANTOLOGIAS
650 4 _aLITERATURA CONTEMPORANEA
650 4 _aACTIVIDADES DE APRENDIZAJE
650 4 _aANALISIS LITERARIO
650 4 _aFABULAS
653 _aLITERATURA URUGUAYA
653 _aNARRATIVA
653 _aENSENANZA DE LA LITERATURA
655 _aLITERATURA
800 1 _aMarsimian de Agosti, Silvina
_edirector
942 _cBK
998 _cmartín
999 _c17833
_d17833